000 00569nam a22002057a 4500
005 20251108174806.0
008 250721s2004 xx 000 0 eng d
020 _a1404802258
082 1 4 _aJ/F/BLA
100 1 _ablackaby, susan
245 1 0 _aThumbelina A Retelling of the hans christian andersen fairy tale /
264 _bpictuer window books,
_c2004.
300 _a32P.
490 0 _aREAD-IT! READERS
650 1 7 _aFICTION
650 1 7 _aCHILDREN
653 _aاطفال مرحلة متوسطة (6-9) سنوات
942 _2ddc
_cBK
999 _c118167
_d118167